MARC

Tag First Indicator Second Indicator Subfields
LEADER 00000cam a2200000 a 4500
001 in00001528024
005 20151021181829.0
007 he bmb024bbca
008 000214s1999 ncua bb f100 0 eng d
035 |a (OCoLC)ocm43473538 
040 |a GPO  |c GPO  |d DLC  |d MvI  |d UtOrBLW 
049 |a UMIC 
074 |a 0083-B-06 (MF) 
086 0 |a A 13.88:SRS-25 
245 0 0 |a National proceedings :  |b forest and conservation nursery associations, 1998 /  |c [technical coordinators, Thomas D. Landis, James P. Barnett]. 
246 3 0 |a Forest and conservation nursery associations, 1998 
264 1 |a Asheville, NC :  |b U.S. Dept. of Agriculture, Forest Service, Southern Research Station,  |c [1999] 
300 |a ii, 192 pages :  |b illustrations ;  |c 28 cm. 
336 |a text  |b txt  |2 rdacontent 
337 |a microform  |b h  |2 rdamedia 
338 |a microfiche  |b he  |2 rdacarrier 
490 1 |a General technical report SRS ;  |v 25 
500 |a Cover title. 
500 |a The Southern Forest Nursery Association Conference was held in Lafayette, Louisiana, on July 13-17, 1998; the Northeastern Forest Nursery Association Conference was held in Annapolis, Maryland, on July 27-30, 1998; and the combined Forest Nursery Association of British Columbia/Western Forest and Conservation Nursery Association meeting was held in Victoria, British Columbia, on August 10-13, 1998. 
500 |a "April 1999"--Title page verso. 
500 |a Shipping list number: 2000-0273-M. 
500 |a Shipping List #: 2000-0273-M 
500 |a Shipping List Date: 02/07/2000 
504 |a Includes bibliographical references. 
533 |a Microfiche.  |b [Washington, D.C.] :  |c Supt. of Docs., U.S. G.P.O.,  |d 2000  |e 3 microfiches : negative. 
500 |a Microform. 
650 0 |a Forest nurseries  |v Congresses. 
650 0 |a Trees  |x Propagation  |v Congresses. 
700 1 |a Landis, Thomas D. 
700 1 |a Barnett, James P. 
710 1 |a United States.  |b Forest Service.  |b Southern Research Station. 
710 2 |a Southern Forest Nursery Association. 
710 2 |a Northeastern Forest Nursery Association. 
710 2 |a Western Forest and Conservation Nursery Association. 
710 2 |a Forest Nursery Association of British Columbia. 
830 0 |a General technical report SRS ;  |v 25. 
999 |a MARS 
999 f f |s 603cb8f5-0d93-3c4b-b188-958bb2c0b51d  |i d0c31c6e-8f42-3763-a042-7d6ffb8ee979  |t 0 
952 f f |p normal  |a Texas A&M University  |b College Station  |c Sterling C. Evans Library  |d Evans: US Documents Microfiche (3rd floor)  |t 0  |e A 13.88:SRS-25  |h Superintendent of Documents classification  |i microform -- microfiche  |m A14826220015 
952 f f |p normal  |a Texas A&M University  |b College Station  |c Sterling C. Evans Library  |d Evans: US Documents (Annex 5th floor)  |t 0  |e A 13.88:SRS-25  |h Superintendent of Documents classification  |i microform -- microfiche  |l 1998  |m A14827028288 
998 f f |a A 13.88:SRS-25  |s 1998  |t 0  |l Evans: US Documents (Annex 5th floor) 
998 f f |a A 13.88:SRS-25  |t 0  |l Evans: US Documents Microfiche (3rd floor)